Analýza míry nezaměstnanosti a ekonomické aktivity v krajích ČR

Analýza vývoja dvoch základných charakteristík trhu práce - miery ekonomickej aktivity a miery nezamestnanosti na úrovni Českej republiky a krajov - hľadanie faktorov, ktoré vytvárajú, prípadne ovplyvňujú regionálne rozdiely u oboch charakteristík.

Gespeichert in:
Bibliographische Detailangaben
1. Verfasser: Hančlová, Jana
Weitere Verfasser: Šimek, Milan
Format: Buchkapitel
Sprache:Tschechisch
Schlagworte:
Tags: Tag hinzufügen
Keine Tags, Fügen Sie das erste Tag hinzu!

MARC

LEADER 00000naa$a2200000$$$4500
001 0019148
005 20221128124322.6
041 0 |a cze 
044 |a SK 
245 1 0 |a Analýza míry nezaměstnanosti a ekonomické aktivity v krajích ČR  |c Jana Hančlová, Milan Šimek 
520 |a Analýza vývoja dvoch základných charakteristík trhu práce - miery ekonomickej aktivity a miery nezamestnanosti na úrovni Českej republiky a krajov - hľadanie faktorov, ktoré vytvárajú, prípadne ovplyvňujú regionálne rozdiely u oboch charakteristík. 
610 2 0 |a nezamestnanosť 
610 2 0 |a miera nezamestnanosti 
610 2 0 |a analýzy 
610 2 0 |a Česko 
610 2 0 |a regióny 
610 2 0 |a 1993-1996 
100 1 |a Hančlová, Jana 
700 1 |a Šimek, Milan